000 00620nam a2200229Ii 4500
003 JO-AjNU
008 230606s9999||||xx |||||||||||||| ||und||
017 _a1961/0105
020 _a9960-740-61-7
040 _aJO-AjNU
_beng
_erda
_cJO-AjNU
041 _aeng
050 1 4 _aBP136 1996
100 3 _aHasanK Suhaib,
_eauthor
_93641
245 0 3 _aAn Introuction to the science of hadith
250 _a1 ed
264 3 1 _aRiyadh: Darussalam, 1961
300 _a64p
336 _atext
_btxt
_2rdacontent
337 _aunmediated
_bn
_2rdamedia
338 _avolume
_bnc
_2rdacarrier
650 4 _aHadith- Science
_93642
999 _aE1899
_c1899
_d1899